Central Library OPAC University of Rajshahi

Eighteenth century drama : (Record no. 21243)

MARC details
000 -LEADER
fixed length control field 00832nam a2200277 a 4500
001 - CONTROL NUMBER
control field 21243
003 - CONTROL NUMBER IDENTIFIER
rucl marc code BD-RjUL
005 - DATE AND TIME OF LATEST TRANSACTION
control field 20211209000650.0
008 - FIXED-LENGTH DATA ELEMENTS--GENERAL INFORMATION
fixed length control field 140403s1970 enk b 00010 engd
035 ## - SYSTEM CONTROL NUMBER
System control number (BD-RjUL)21307
System control number (OCoLC)88182
040 ## - CATALOGING SOURCE
Original cataloging agency DLC
Transcribing agency DLC
Modifying agency m.c
-- EQO
-- BD-RjUL
Language of cataloging eng
041 ## - LANGUAGE CODE
Language code of text/sound track or separate title eng
082 00 - DEWEY DECIMAL CLASSIFICATION NUMBER
Classification number 822.608
Author mark and year EIG 1970
245 00 - TITLE STATEMENT
Title Eighteenth century drama :
Remainder of title afterpieces /
Statement of responsibility, etc. edited with an introduction by Richard W. Bevis.
260 ## - PUBLICATION, DISTRIBUTION, ETC. (IMPRINT)
Place of publication, distribution, etc. London :
Name of publisher, distributor, etc. Oxford University Press,
Date of publication, distribution, etc. 1970.
300 ## - PHYSICAL DESCRIPTION
Pagination xvi, 286 p. ;
Size 20 cm.
490 1# - SERIES STATEMENT
Series statement Oxford paperbacks ;
Volume/sequential designation 221
504 ## - BIBLIOGRAPHY, ETC. NOTE
Bibliography, etc Bibliography: p. xvi
650 #0 - SUBJECT ADDED ENTRY--TOPICAL TERM
Topical term or geographic name as entry element English drama
Chronological subdivision 18th century
9 (RLIN) 65677
700 1# - ADDED ENTRY--PERSONAL NAME
Personal name Bevis, Richard W.
830 #0 - SERIES ADDED ENTRY--UNIFORM TITLE
Uniform title Oxford paperbacks ;
942 ## - ADDED ENTRY ELEMENTS (KOHA)
Source of classification or shelving scheme Dewey Decimal Classification
Koha item type Books
Holdings
Lost status Source of classification or shelving scheme Damaged status Not for loan Collection code Permanent Location Current Location Shelving location Date acquired Source of acquisition Cost, normal purchase price Total Checkouts Full call number Date last seen Copy number Koha item type
  Dewey Decimal Classification     Fiction Central Library, University of Rajshahi Central Library, University of Rajshahi   08/10/1973 Ideal Lib. 14.30   822.608 EIG 1970 04/03/2014 C-2 Books
  Dewey Decimal Classification     Fiction Central Library, University of Rajshahi Central Library, University of Rajshahi   09/05/1974 Oxford University press. 14.30   822.608 EIG 1970 04/03/2014 C-3 Books